000 00892nam a2200253Ia 4500
003 GCL
005 20240530110901.0
008 140319s9999 xx 000 0 ara d
020 _a9953431051
040 _aGCL /
_cGCL
082 0 4 _a320.956
_bم ع
110 0 _4مركز دراسات الوحدة العربية
245 1 2 _aالعرب الى اين /
_cمركز دراسات الوحدة العربية
250 _aط1
260 _aبيروت:
_bمركز دراسات الوحدة العربية ،
_c2002
300 _a528 ص؛
_c24 سم
490 0 _aسلسلة كتب مستقبل العربى ؛
_v21
650 0 4 _aالنزاع العربى الاسرائيلى
650 0 4 _aحرب الخليج
650 0 4 _aالعالم العربى - الاحوال السياسية
700 0 _aاسامة الخولى
700 0 _aسعد غالب يايسن
942 _2ddc
_cBK
999 _c66132
_d66132